[Event "Calvia ol (Men)"]
[Site "Mallorca"]
[Date "2004.10.22"]
[Round "7"]
[White "Fridman, Daniel"]
[Black "Kortschnoj, Viktor Lvovich"]
[Result "1/2-1/2"]
[WhiteElo "2578"]
[BlackElo "2601"]
[Annotator "Kortschnoj"]
[PlyCount "116"]
[EventDate "2004.10.15"]
[EventType "team-swiss"]
[EventRounds "14"]
[EventCountry "ESP"]
[SourceTitle "CBM 104"]
[Source "ChessBase"]
[SourceDate "2005.01.27"]
[SourceVersion "1"]
[SourceVersionDate "2005.01.27"]
[SourceQuality "1"]
[WhiteTeam "Latvia"]
[BlackTeam "Switzerland"]
[WhiteTeamCountry "LAT"]
[BlackTeamCountry "SUI"]

1. d4 Nf6 2. c4 e6 3. Nf3 b6 4. g3 Bb7 5. Bg2 Be7 6. O-O O-O 7. Nc3 Ne4 8. Bd2
d5 {The most solid move in this position - white hardly can pretend for a
substantial advantage.} 9. Ne5 Nxc3 10. Bxc3 Nd7 11. cxd5 exd5 12. Qa4 Nxe5 13.
dxe5 Qc8 $1 {Not 13...Qe8 14.Qg4, where the white initiative can become very
dangerous.} 14. Rfd1 Qe6 15. Rd2 c5 16. e3 ({It seems, the most natural move
would be} 16. Rad1 {, but white has another plan in mind - first to put the
queen to f1!}) ({And after the immediate} 16. Qd1 {one has to reckon with} d4
17. Bxb7 dxc3 18. bxc3 Rab8 19. Bd5 Qxe5 20. c4 b5 $14) 16... Bc6 17. Qd1 Rfd8
18. Qf1 b5 ({If} 18... a5 {then} 19. a4 {looked unpleasant to me.}) 19. Ba5 Re8
20. Rad1 Bd8 ({Better was} 20... Qxe5 21. Bxd5 Bxd5 22. Bc3 (22. Rxd5 Qxb2 23.
R1d2 Qa3 24. Qxb5 a6) 22... Qe6 23. Rxd5 a6 {with only a slight edge to white.}
) 21. Bxd8 {From the first glance 21.Bc3 was bad because of b5-b4.} ({Still,
it was the best move in the position!:} 21. Bc3 b4 22. Rxd5 $1 {The best move
for black is} Be7 $1 {After} (22... bxc3 23. Rd6 Qxe5 24. Bxc6 c2 25. R6d5 $1
cxd1=Q 26. Qxd1 Qxb2 27. Bxe8 {white has clear positional advantage. In many
variations white threatens to sacrifice on f7. Say,} Bf6 28. Bxf7+ $5 (28. Bc6
Rc8 29. Rxc5 Qxa2 30. Bd5 Qa6 $2 (30... Rd8 $14) 31. Qa4) 28... Kxf7 29. Rd7+
Kg6 30. Qg4+ Kh6 31. Rd5 {with strongest attack.}) ({Instead of taking on c3
black has some other moves. After} 22... Qe7 23. Be1 Bxd5 24. Bxd5 Rc8 25. Qc4
{white has an overwhelming position.}) 23. Be1 Bxd5 24. Bxd5 Qxe5 25. Bxa8 Rxa8
26. Qb5 {with threats Bb4 or Qb7 white stood better.}) 21... Raxd8 22. f4 f6 {
Black decided to sacrifice an exchange. After the obvious move 22...g6 white
could gradually strengthen his pressure in the centre - Bf3, Qg2, preparing at
the same time an assault on the king's side.} 23. Bh3 {Taking on f6 was worth
of consideration.} Qf7 24. e6 Rxe6 25. Bxe6 Qxe6 26. Rc1 $6 ({The only chance
to try to refute the sacrifice was} 26. f5 $5 {forcing practically after} Qxe3+
27. Qf2 {the exchange of queens and subsequently still having a slight
advantage in the endgame.}) 26... d4 $1 27. Rxc5 Qxe3+ 28. Qf2 Qe4 29. Rxc6
Qxc6 30. Rxd4 Re8 {Now, due to the weakened by the move f2-f4 position of the
white king, black stands a bit better. But white has enough resources to
defend himself successfully.} 31. Rd1 h5 32. Rf1 a6 33. Qf3 Qc5+ 34. Qf2 Re3
35. Rd1 Kh7 36. b3 Kh6 37. Kf1 Qc3 38. Qd2 h4 39. gxh4 Rf3+ 40. Kg2 Qxd2+ 41.
Rxd2 Rxf4 42. Rd8 Rxh4 43. Ra8 b4 44. Rxa6 Kg5 45. Rb6 Rd4 46. Kg3 f5 47. Rb5
g6 48. Rb6 Rg4+ 49. Kh3 Kh5 50. Rb8 Rg1 51. Rb5 {Microscopic plus of black is
not possible to convert into a win.} Kg5 $2 {In the heat of the battle black
overestimates his chances. 51...Ra1 was the right move.} 52. Rxb4 f4 53. Rb8
Kf5 54. a4 f3 55. Rf8+ Ke4 56. a5 Ke3 57. a6 f2 58. a7 Ra1 {Here I dared to
offer a draw to my partner, and he accepted it without much thinking. Instead
he could enjoy playing the rook endgame with an extra pawn, where black had to
find several exact moved, for not to lose the game.} (58... Ra1 {Continuation
could be:} 59. b4 Rxa7 60. Kg3 Rb7 61. Rf3+ (61. Rxf2 Rxb4 62. Rf3+ Ke2 63. Rf6
Rb1 {and black saves the game.}) 61... Ke4 62. Rxf2 Ke5 63. Rb2 ({Or} 63. Rf4
Rb5 64. Kg4 Ke6 {The Normal outcome of the game is a draw.})) 1/2-1/2

[Event "Moscow ol (Men)"]
[Site "Moscow"]
[Date "1994.12.02"]
[Round "2.1"]
[White "Dao, Thien Hai"]
[Black "Kortschnoj, Viktor Lvovich"]
[Result "1/2-1/2"]
[WhiteElo "2475"]
[BlackElo "2615"]
[Annotator "Dautov,R"]
[PlyCount "87"]
[EventDate "1994.12.01"]
[EventType "team-swiss"]
[EventRounds "14"]
[EventCountry "RUS"]
[SourceTitle "CBM 045"]
[Source "ChessBase"]
[SourceDate "1995.04.01"]
[SourceVersion "1"]
[SourceVersionDate "1995.04.01"]
[SourceQuality "1"]
[WhiteTeam "Vietnam"]
[BlackTeam "Switzerland"]
[WhiteTeamCountry "VIE"]
[BlackTeamCountry "SUI"]

1. d4 {Hansen,LB} Nf6 2. c4 e6 3. Nc3 Bb4 4. Qc2 d5 5. cxd5 Qxd5 6. Nf3 Qf5 7.
Qb3 Nc6 {N} (7... c5 8. a3 Bxc3+ (8... Ba5 9. e3 Nc6 10. Be2 cxd4 11. exd4 {
Shabalov-Romanishin/Bad Godesberg/1994} Qe4 $5 (11... Qd5 12. Bc4 Qe4+ 13. Be3
O-O 14. O-O Bxc3 15. Qxc3 Bd7 $10 {Shabalov,A-Romanishin,O/Bad Godesberg/1994/}
) 12. Bd2 Bxc3 13. bxc3 O-O 14. Qb1 (14. Be3 {Hansen,LB} Na5 15. Qb5 b6 $10 {
Onischuk,A-Short,N/Wijk aan Zee/1995/}) 14... b6 {Romanishin}) 9. Qxc3 Nbd7 10.
g3 Ne4 11. Qe3 b6 12. dxc5 Ndxc5 13. b4 Na4 14. Bh3 $1 Qd5 15. Bg2 Bb7 16. Nd2
f5 17. Nxe4 fxe4 18. O-O O-O 19. Rb1 Rac8 20. Bb2 Nxb2 21. Rxb2 $14 {
Bareev-Beliavsky/Linares/1994}) 8. Bd2 (8. g3 O-O 9. Bg2 Qd5 10. Qxd5 exd5 11.
Bf4 Bg4 $10) (8. e3 O-O 9. Be2 a6 10. O-O Bd6 $10 {/\e5}) (8. a3 $5 {/\} Bd6 $2
9. e4 $1 Nxe4 10. Bd3 Nc5 11. dxc5 Qxd3 12. cxd6 $18) 8... O-O 9. e3 Bd6 $6 (
9... a6 $1 10. Be2 (10. Ne5 $2 Bxc3 11. Bxc3 Nxe5 12. dxe5 Ng4 $17) 10... Bd6
11. O-O e5 $10) 10. Nb5 $1 Ne4 (10... e5 11. dxe5 Nxe5 (11... Bxe5 12. Bd3 $14)
12. Nxd6 Nxf3+ 13. gxf3 cxd6 (13... Qxf3 14. Nxc8 Qxh1 15. Ne7+ Kh8 16. Bc3 $14
) 14. Be2 Be6 15. Qd3 $14) 11. Bd3 Nxd2 12. Nxd2 Qg5 13. O-O $14 Qe7 (13... e5
14. dxe5 Qxe5 (14... Bh3 15. Be4 $16) 15. Nf3 Qf6 16. Nxd6 Qxd6 17. Rfd1 $14)
14. a3 (14. Rac1 $5 $14) 14... a6 $6 (14... e5 $2 15. d5 Nb8 16. Rac1 a6 (16...
f5 $2 17. Nxc7 $1 $18) 17. Nxd6 cxd6 18. Qc2 $16) (14... Bd7 $14 {>=}) 15. Nxd6
cxd6 16. Qb6 $1 (16. d5 $5 Ne5 17. Be2 $14) 16... Bd7 $10 {Hansen,LB} 17. Rfc1
(17. Qxb7 $4 {Hansen,LB} Rfb8 18. Qc7 Ra7 $19) 17... Rfc8 18. Rc2 $1 {Hansen,LB
} Nd8 (18... Qd8 $2 19. Nc4 d5 20. Qxd8+ Rxd8 21. Nb6 Rab8 22. Rac1 $16) 19.
Rac1 Rxc2 20. Rxc2 Bc6 (20... Rc8 $2 21. Rxc8 Bxc8 22. Ne4 Nc6 23. Bxa6 f5 24.
Nc3 Nxd4 25. Bxb7 Bxb7 26. Qxd4 $16) 21. Bf1 $2 (21. e4 $1 Rc8 (21... d5 22. e5
$16) 22. h3 $16 {/\d5} (22. d5 exd5 23. exd5 Bd7 24. Rxc8 Bxc8 25. Nc4 Bf5 $1
26. Bf1 Be4 $14)) 21... e5 $1 {<=> Hansen,LB} 22. Nb3 Ne6 $132 23. Rd2 Ng5 {
/\Nf3} 24. d5 Ba4 25. f3 (25. Na5 $2 Ne4 26. Rd3 $2 Bc2 $17) 25... Bxb3 26.
Qxb3 {/\h4} h5 27. h4 Nh7 28. Rc2 Nf6 $2 (28... e4 $1 29. f4 Nf6 30. Be2 Qd7
$10) (28... Qxh4 $6 {Hansen,LB} 29. Qxb7 $16) 29. e4 $14 Qd7 30. Qc3 Ne8 31.
Kh2 {! /\g3,Bh3 Hnsen,LB} (31. g3 $5 b5 32. Kf2 {/\} Qa7+ 33. Qe3 $16) 31... b5
{<=> g1-a7 Hansen,LB} 32. g3 Qa7 {/^g1-a7} 33. b4 (33. Bh3 $5 Rb8 34. Qc6 Kf8 (
34... Qe3 35. Kg2 {/\Bd7} Qd3 36. Qc3 Qxc3 37. Rxc3 $16) 35. Bd7 (35. Qd7 Qe3)
35... Rb6 36. Qc8 Rb8 $10) 33... Rb8 {/\Rb7-c7} 34. Qd2 Rb7 35. Rc8 Kf8 36. Qg5
Rc7 37. Qd8 (37. Rxc7 Qxc7 38. Qxh5 Qc3 $13) 37... Rxc8 38. Qxc8 Qe3 $10 39.
Qxa6 Qxf3 40. Bg2 Qc3 (40... Qe2 41. a4) 41. Qxb5 Nf6 42. Qb8+ Ke7 43. Qb7+ Kf8
44. Qb8+ 1/2-1/2

[Event "Calvia ol (Men)"]
[Site "Mallorca"]
[Date "2004.10.27"]
[Round "12"]
[White "Navara, David"]
[Black "Kortschnoj, Viktor Lvovich"]
[Result "1/2-1/2"]
[WhiteElo "2620"]
[BlackElo "2601"]
[Annotator "Kortschnoj"]
[PlyCount "154"]
[EventDate "2004.10.15"]
[EventType "team-swiss"]
[EventRounds "14"]
[EventCountry "ESP"]
[SourceTitle "CBM 104"]
[Source "ChessBase"]
[SourceDate "2005.01.27"]
[SourceVersion "1"]
[SourceVersionDate "2005.01.27"]
[SourceQuality "1"]
[WhiteTeam "Czech Republic"]
[BlackTeam "Switzerland"]
[WhiteTeamCountry "CZE"]
[BlackTeamCountry "SUI"]

1. e4 e6 2. d4 d5 3. Nd2 c5 4. Ngf3 Nf6 5. e5 Nfd7 6. c3 Nc6 7. Bd3 a5 $5 ({
Playing to win a pawn} 7... Qb6 8. O-O cxd4 9. cxd4 Nxd4 10. Nxd4 Qxd4 11. Nf3
Qb6 12. Qa4 {looks dangerous for black. Instead he tries to exploit rather
awkward location of the white knights, starting active play on the queen's
side.}) 8. O-O Be7 9. Re1 c4 ({Another promising line would be} 9... a4 {
and then eventually} 10. Z0 cxd4 11. cxd4 Nb6 {and so on,with the initiative
on the queen's side.}) 10. Bc2 b5 11. Nf1 Nb6 12. N3d2 (12. g4 {starting the
assault on the king's side looks more energetic. At that case the game would
have to take another course:} h5 13. h3 hxg4 14. hxg4 Kd7 15. N3h2 Kc7 16. f4
f6 $1 {with a double-edged position.}) 12... h5 13. f4 b4 14. Qf3 g6 15. g3 a4
16. a3 bxa3 17. bxa3 Na5 18. h3 Nb3 19. Ra2 Rb8 20. g4 hxg4 21. hxg4 Na8 22.
Nb1 (22. f5 {does not work out due to} gxf5 23. gxf5 Rg8+ 24. Kh1 ({Or} 24. Ng3
Bh4 25. Ndf1 Bxg3 26. Nxg3 Nxc1 27. Rxc1 Qg5 {winning.}) 24... Bxa3 $1 {
followed by Qh4+.}) 22... Nc7 23. Ng3 Nb5 24. Be3 ({Again} 24. f5 {is wrong
because of} gxf5 25. gxf5 Nxc1 26. Rxc1 Bh4 {with threats Rg8 and Qg5.}) 24...
Kd7 $2 {In fact, it is a blunder.} ({Black had to continue} 24... Bh4 $1 {
preventing f4-f5. After} 25. Re2 $1 Kd7 26. Rh2 {(threatening with Qh1!)} Bxg3
27. Qxg3 Kc6 {white would have had a slight edge.}) 25. f5 gxf5 26. gxf5 Bh4
27. f6 Rg8 $2 {Another bad move.} ({Black had to play} 27... Bxg3 28. Qxg3 Rg8
29. Bg5 {(by the way, this move I overlooked playing 24...Kd7)} Qa5 {Here
black had a threat Nxd4, and eventually Nxc3 Nxc3 Rxg5 Qxg5 Qxc3.} {after the
best} 30. Kf2 (30. Re3 Nc1 31. Ra1 (31. Rb2 $2 Nxd4 $1 $19) 31... Nb3) 30...
Kc7 {keeping all the options in hand.}) 28. Bf4 Kc6 {Here the black position
is already very difficult.} (28... Qa5 {would be met by the highly unpleasant}
29. Qh5 {But if black will not find a counter-play he will be simply
suffocated.}) 29. Kg2 Rh8 30. Rh1 Qg8 $2 {Perhaps, the decisive mistake.} ({
Much stronger was} 30... Bxg3 {in order to change a pair of rooks.}) 31. Rh3
Bd7 32. Be3 Kc7 33. Qf4 Bxg3 34. Rxg3 Qf8 35. Rg7 Kb6 36. Bd1 Ka6 37. Qg5 Be8
38. Bc2 Bc6 39. Bh7 Nc7 40. Qh5 Be8 41. Rb2 Nb5 42. Bh6 Nxa3 43. Rg5 Rxh7 44.
Bxf8 Rxh5 45. Rxh5 Nb5 46. Bd6 $2 {By excellent play white won an exchange.} ({
After} 46. Be7 {with the threat Rh8}) ({or} 46. Ra2 {white was easily winning.
But the move in the text gives to black some chances to survive.}) 46... Nxd6
47. exd6 Kb5 48. Rh8 Kc6 49. Ra2 Ra8 50. Na3 Kxd6 51. Kf3 Nc1 52. Rb2 Kc7 53.
Rg2 Rb8 54. Rgg8 Kd7 55. Rf8 Rd8 56. Ke3 $4 {Crucial loss of a tempo.} ({After
} 56. Nb5 Nd3 57. Nc7 $1 {white was still winning.}) 56... Nd3 57. Nb5 e5 $1 {
Now black makes a draw!} 58. Nd6 (58. Nc7 {was a bit stronger. But black was
already out of danger:} Kxc7 59. Rxe8 Rxe8 60. Rxe8 Kd6 61. Ra8 exd4+ 62. Kxd4
Nc5 $1) 58... exd4+ 59. Kxd4 Kxd6 60. Rxe8 Rxe8 61. Rxe8 Nf4 62. Re7 a3 63.
Rxf7 Ne6+ 64. Ke3 Ke5 65. Ra7 Kxf6 66. Rxa3 Ke5 67. Ra7 Ng5 68. Re7+ Ne6 69.
Rh7 Kd6 70. Rh5 Kc6 71. Rh1 Kd6 72. Re1 Ke5 73. Kf3+ Kf5 74. Rd1 Ke5 75. Re1+
Kf5 76. Rh1 d4 77. cxd4 Nxd4+ 1/2-1/2

[Event "Groningen PCA"]
[Site "Groningen"]
[Date "1993.??.??"]
[Round "1"]
[White "Alterman, Boris"]
[Black "Kortschnoj, Viktor Lvovich"]
[Result "1/2-1/2"]
[WhiteElo "2585"]
[BlackElo "2625"]
[Annotator "Chekhov,V"]
[PlyCount "79"]
[EventDate "1993.12.??"]
[EventType "swiss"]
[EventRounds "11"]
[EventCountry "NED"]
[SourceTitle "CBM 039"]
[Source "ChessBase"]
[SourceDate "1994.04.01"]
[SourceVersion "1"]
[SourceVersionDate "1994.04.01"]
[SourceQuality "1"]

1. d4 Nf6 2. c4 e6 3. Nc3 Bb4 4. Qc2 d5 5. cxd5 exd5 6. Bg5 c5 7. dxc5 h6 8.
Bh4 g5 (8... Nc6 9. e3 g5 10. Bg3 Ne4 11. Nf3 Qa5 (11... Qf6 12. Bb5 $1 Nxc3
13. Bxc6+ bxc6 14. a3 $1 g4 15. Be5 Ne4+ 16. axb4 Qf5 17. Bxh8 gxf3 18. Rg1 $16
{Kasparov,G-Spassky,B/Linares/1990/ 1:0 (29) Inf 49/666;13...Qc6!?+/=/}) 12.
Nd2 Nxc3 (12... Nxd2 13. Qxd2 Be6 {Drasko,M-Maksimovic,B/JUG/1991/ 1:0 (36)
Inf 52/558/} 14. Bb5 $5 $16) 13. bxc3 Bxc3 14. Rb1 (14. Rc1 Bb4 15. Bd3 O-O $13
) 14... Qxc5 $1 (14... a6 $6 15. Bd6 $16 {Glek,I-Yuferov,S/SSSR/1989/ 1:0 (48)
Inf 47/675/}) 15. Rb5 Qa3 16. Rb3 Bxd2+ 17. Qxd2 Qa5 {Spassky,B-Fisher,R/
Beograd(m/10)/1992/ 0,5 (68) Inf 55/548/} 18. Qxa5 $1 Nxa5 19. Rb5 Nc6 20. Rxd5
$10) (8... O-O $6 9. e3 Nbd7 10. Bd3 Qa5 11. Nge2 Bxc3+ 12. Qxc3 Qxc3+ 13. Nxc3
Nxc5 14. Bc2 g5 15. Bg3 Be6 16. f3 $16 {Kasparov,G-Korchnoi,V/Tilburg/1989/
Inf 48/739/}) 9. Bg3 Ne4 10. e3 Qa5 $5 $146 (10... Qf6 11. Bb5+ Bd7 12. Bxd7+
Nxd7 13. Nge2 Bxc3+ 14. bxc3 O-O 15. Rd1 Qe6 16. h4 g4 $13 {Goldin,A-Lautier,J/
Palma de Mallorca/1989/ Inf 48/739/}) 11. Nge2 Nc6 12. f3 Nxg3 (12... Nxc3 13.
Nxc3 (13. bxc3 $5 Bxc5 14. Qd2 {/\Nd4/}) 13... Bxc5 (13... Qxc5 $5) 14. Qd2 Be6
15. a3 {/\Nb5/}) 13. hxg3 Bxc5 14. Qd2 Be6 15. Nd4 Nxd4 16. exd4 Bb4 17. a3
Bxc3 (17... Rc8 18. Rc1 Bxc3 19. Rxc3 Rxc3 20. Qxc3 Qxc3+ 21. bxc3) 18. Qxc3
Qxc3+ 19. bxc3 $14 Rc8 20. Kd2 Kf8 $1 21. Bd3 f6 22. Rab1 Rc7 23. Rb5 (23. a4
$5) 23... Ke7 24. g4 Bf7 25. a4 Kd6 26. Rhb1 Rb8 $1 (26... b6 27. a5 $16) 27.
a5 h5 28. gxh5 Bxh5 29. Rh1 Be8 30. Rbb1 Bc6 31. Rh6 Rf8 32. Rbh1 $6 (32. Bb5
$5) 32... Re7 33. Rh8 Rxh8 34. Rxh8 Rf7 35. Rg8 $6 (35. Rd8+ $5) 35... b6 $1
36. a6 (36. axb6 axb6 37. Bf5) 36... Rc7 (36... Kc7 {/\b5,Kb6/} 37. Bg6 Re7 (
37... Rd7 38. Bf5 Rd8 39. Rg7+) 38. Rf8 Re6 39. Bf5 Rd6 40. Rc8# {#}) 37. Rg6
Rf7 38. Rg8 Rc7 39. Rg6 Rf7 40. Rg8 1/2-1/2

[Event "Beersheba"]
[Site "Beersheba"]
[Date "1993.??.??"]
[Round "6"]
[White "Kortschnoj, Viktor Lvovich"]
[Black "Skembris, Spyridon"]
[Result "1/2-1/2"]
[WhiteElo "2625"]
[BlackElo "2545"]
[Annotator "Stohl,I"]
[PlyCount "121"]
[EventDate "1993.??.??"]
[EventType "tourn"]
[EventRounds "11"]
[EventCountry "ISR"]
[EventCategory "12"]
[SourceTitle "CBM 038"]
[Source "ChessBase"]
[SourceDate "1994.02.01"]
[SourceVersion "1"]
[SourceVersionDate "1994.02.01"]
[SourceQuality "1"]

1. Nf3 c5 2. c4 Nf6 3. Nc3 e6 4. g3 b6 5. Bg2 Bb7 6. O-O Be7 7. d4 cxd4 8. Qxd4
Nc6 (8... O-O 9. Rd1 (9. e4 Nc6 $6 (9... d6 $142) 10. Qe3 d6 11. b3 Qc7 12. Bb2
Rad8 13. Rac1 Qb8 14. Rfe1 Rfe8 15. Rcd1 Ba8 16. Nd4 Rc8 17. Ba3 a6 18. Rd2
Nxd4 19. Rxd4 $2 (19. Qxd4 $14) 19... e5 20. Rd2 d5 $1 $17 {Uhlmann,W-Frommelt,
H/DDR-ch/1986/}) 9... Nc6 10. Qf4 Qb8 (10... a6 11. b3 Ne8 12. Qd2 d6 13. Ba3
Qd7 14. Qe3 Bf6 15. Rac1 Bxc3 16. Rxc3 Qc7 17. Qd3 Rd8 18. Ng5 g6 19. Ne4 $16 {
Palmer,B-Keogh,E/Dublin zt/1993/}) (10... d6 11. b3 Qb8 12. Ba3 (12. Bb2 $14)
12... d5 13. Qxb8 Raxb8 14. Bxe7 Nxe7 15. cxd5 Nexd5 16. Nb5 $6 Ba6 17. Nxa7
Nc3 18. Rd2 Nxe2+ 19. Kh1 Ne4 20. Rxe2 Bxe2 21. Nd4 Bd3 22. Nac6 Rbe8 23. Ne5
Nf6 24. Nxd3 Rd8 $15 {Dambrauskas,V-Vuckoivc,A/Budapest ExpIM/1993/}) 11. b3
Rd8 12. Qxb8 Raxb8 13. Bf4 Rbc8 14. Ne5 d6 15. Nxc6 Bxc6 16. e4 a6 17. a4 Ne8
18. Rd3 Rb8 19. Rad1 g5 20. Be3 Kf8 21. f3 Rdc8 $10 {Anstad,T-Gipslis,A/
Gausdal International/1992/}) 9. Qf4 O-O (9... a6 10. Rd1 O-O 11. b3 Rc8 12.
Bb2 Qc7 13. Qxc7 Rxc7 14. Nd5 $1 exd5 15. cxd5 Rcc8 16. dxc6 dxc6 17. Ne5 $16 {
Svirin,O-Korolev,A/Nab.Chelni/1988/}) (9... d5 $6 10. Rd1 $16) 10. e4 $5 $146 (
10. Rd1 Qb8 {-8.... 0-0}) 10... d6 11. Rd1 Qb8 12. b3 Nd7 13. Qe3 (13. Ba3 Nde5
$132) 13... Re8 14. Bb2 a6 15. Qe2 $14 {()} Bf8 16. h4 (16. Rd2 Nde5 17. Ne1
$14) 16... Nde5 17. Ng5 $5 (17. Nxe5 dxe5 $5 18. Na4 Bc5 $13) 17... f6 18. Nh3
Na7 19. a4 Qc7 (19... Bc6 $5 {/\b5<=>}) 20. Bc1 Nac6 21. Be3 Nd7 22. Rab1 (22.
Rac1 Nc5 $132) 22... Nb4 23. Qd2 (23. Nf4 Nc5 24. Bh3 Qf7 $13) 23... Nc5 24.
Kh2 (24. Ne2 $5 a5 25. Nc3 $14) 24... Rad8 25. Nf4 Qf7 26. g4 a5 27. f3 Bc6 {
/\Qc7,d5|^} 28. Kh1 Rd7 $13 29. Qf2 (29. g5 $5 $13 {/\Bh3}) 29... g6 30. Na2 (
30. Qg3 $142) 30... Nxa2 31. Qxa2 Ra7 32. Qc2 Rd7 33. Bf2 Rdd8 34. Bg3 Rd7 35.
Bh2 Rdd8 $10 36. Rb2 $6 (36. Nd3 d5 $36) (36. Bg3 $10) 36... Bg7 37. Qb1 f5 $15
38. Re2 fxe4 39. fxe4 Be5 40. Rf1 Qe7 41. g5 Rf8 42. Ref2 (42. Nd3 $2 Rxf1+ 43.
Bxf1 Nxe4 $17) 42... Qb7 43. Nd3 $5 (43. Re1 Rf7 $36) 43... Rxf2 (43... Bxh2
44. Rxf8+ Rxf8 45. Rxf8+ Kxf8 46. Nxc5 bxc5 47. Kxh2 $10 {/\} Bxa4 $2 48. Qf1+
$18) 44. Nxf2 Rf8 (44... Bd4 45. Ng4 $1 {/\Nh6} Bxe4 46. Nh6+ Kg7 (46... Kh8
47. Qa2 $1 $8 (47. Bxe4 Nxe4 $1 {/\Ng3#}) 47... Bxg2+ 48. Qxg2 $36) 47. Bxe4
Qxe4+ 48. Qxe4 Nxe4 49. Rf7+ Kh8 50. Re7 $40) 45. Bxe5 dxe5 46. Ng4 $8 Nxe4 (
46... Rxf1+ 47. Qxf1 Nxe4 48. Kh2 $1 $44 {/\Be4,Qf6->} (48. Bxe4 $6 Bxe4+ 49.
Kh2 Bf5 $17)) 47. Rxf8+ Kxf8 48. Qf1+ Ke8 49. Kh2 $132 Nc5 50. Nf6+ (50. Bxc6+
$5 Qxc6 51. Nxe5 Qc7 (51... Qd6 52. Qf7+ (52. Qf4 Nd7 $1 53. Nxg6 e5 $19) 52...
Kd8 53. Qg8+ Kc7 54. Qxh7+ Kc8 55. Qh8+ $14) 52. Qf6 Qe7 53. Qf3 (53. Qh8+ $6
Qf8 $15) 53... Qc7 $10) 50... Kd8 51. Bxc6 Qxc6 52. Nxh7 Qe4 53. Qf2 (53. Qf8+
Kc7 $36) 53... Qd4 (53... Qf4+ $2 54. Qxf4 exf4 55. Nf8 $16) 54. Qf8+ (54.
Qxd4+ exd4 55. Kg3 Ke7 $1 $19) 54... Kc7 55. Qf7+ Kc6 (55... Kb8 $5 $15) 56.
Qf3+ $1 e4 (56... Kc7 $142 57. Qf7+ Kb8) 57. Qf8 Qd2+ (57... Kb7 58. Qe7+ Ka6
59. Qf8 $10) 58. Kh3 Qd3+ 59. Kg2 $132 e3 60. Qc8+ $10 Kd6 61. Qb8+ 1/2-1/2

[Event "Pulvermuehle 6th"]
[Site "Pulvermuehle"]
[Date "2006.03.01"]
[Round "5"]
[White "Kortschnoj, Viktor Lvovich"]
[Black "Braun, Arik"]
[Result "1/2-1/2"]
[WhiteElo "2608"]
[BlackElo "2491"]
[Annotator "Krasenkow,M"]
[PlyCount "85"]
[EventDate "2006.02.25"]
[EventType "tourn"]
[EventRounds "9"]
[EventCountry "GER"]
[EventCategory "12"]
[SourceTitle "CBM 112"]
[Source "ChessBase"]
[SourceDate "2006.06.07"]
[SourceVersion "1"]
[SourceVersionDate "2006.06.07"]
[SourceQuality "1"]

1. d4 Nf6 2. c4 g6 3. Nc3 d5 4. Nf3 Bg7 5. cxd5 Nxd5 6. e4 Nxc3 7. bxc3 c5 8.
h3 O-O 9. Be2 Nc6 10. Be3 cxd4 11. cxd4 Qa5+ 12. Bd2 Qa3 13. d5 Nd4 {Probably
the simplest way for Black to equalize in this line.} 14. Nxd4 Bxd4 15. Rb1 (
15. O-O Bxa1 16. Qxa1 f6 {doesn't look dangerous for Black but may need
practical tests anyway.}) 15... Qxa2 (15... f5 16. Rb3 (16. O-O $1 Qxa2 (16...
fxe4 17. Bh6 Bg7 18. Bxg7 Kxg7 19. Qd4+ Rf6 (19... Kf7 20. Bc4 $16) 20. Bc4 Qd6
21. Rfe1 Qf4 22. Rxe4 $16) 17. Qc1 $14 {A.Vikulov}) 16... Qc5 17. Bb4 Bxf2+ 18.
Kf1 Qd4 19. e5 $1 Qf4 20. Bxe7 Be3+ 21. Bf3 b6 $13 {1-0 Vikulov,A-Kozlov,V/
Russia 2000/Inf 78/[Vikulov,A] (40)}) 16. O-O (16. Bb4 $5 Bf6) 16... e5 17. Bh6
Qa3 {Thanks to the efforts of GM Loek Van Wely, this exchange sacrifice has
become popular in various lines of the Gruenfeld Defense. It is not easy for
White to fight against Black's a-pawn supported by his strong dark-squared
bishop.} 18. Rb3 Qd6 19. Bxf8 Kxf8 20. Kh1 a5 21. Rd3 Bc5 {Of course, Black
doesn't allow Rxd4, which would give White a clear advantage.} 22. Qc1 b6 23.
Rc3 a4 24. Rc2 a3 25. Bc4 Bd7 26. f4 {White has no other active plan.} exf4 27.
Rxf4 Bd4 28. Rf3 Be8 29. Ba2 Be5 30. Rc8 Rxc8 31. Qxc8 b5 32. Rf1 b4 33. Bb3
Qe7 $2 {A blunder or wrong evaluation of the endgame arising?} (33... Qd7 {
was quite good for Black.}) 34. d6 Bxd6 35. Rxf7+ Qxf7 36. Bxf7 Kxf7 {[%mdl
4096]} 37. e5 $2 {Without this pawn White has no winning chances. It was quite
possible to keep it, at the same time forcing Black's dark-squared bishop to
an unfavorable b2 square:} (37. Qc4+ Kf6 (37... Ke7 38. Qd4 $1 b3 39. e5 $1)
38. Qd4+ Be5 39. Qb6+ $1 Kf7 (39... Kg7 40. Qe6 Bc3 41. Qxe8 a2 42. Qe7+ Kh6
43. Qf8+ Kg5 44. Qc5+ Kh6 45. Qe3+ g5 46. Qb6+ {and the a2 pawn falls}) (39...
Ke7 40. Qxb4+ Bd6 41. Qd4 {[%cal Re4e5]}) 40. Qxb4 Bb2 41. Kg1 $18) 37... Bxe5
38. Qc4+ Ke7 $6 (38... Kf6 $1 39. Qxb4 Bb2 $11) 39. Qxb4+ Bd6 (39... Kf7 40.
Qxa3 Bg7 {needs a special investigation. Black's fortress may be unassailable.}
) 40. Qh4+ Ke6 41. Qe4+ {White doesn't take a risk playing for a win. The a3
pawn, supported by the d6 bishop, should save Black anyway:} (41. Qxh7 Bf7 42.
Qh8 a2 43. Qb2 Ke7 44. Kg1 Bd5 45. Qg7+ Ke6 46. Qxg6+ Ke5 47. Qg7+ Ke6 48. Qg8+
Ke5 $11) 41... Kf7 42. Qd5+ Ke7 43. Qe4+ 1/2-1/2